01466agaaa2200289 45000010005000000030009000050050017000140070009000310080040000400400023000800410013001031000046001161300057001622450177002192500022003962600122004183000033005405080049005735110058006225200190006805380016008705460013008866500090008997000069009897000058010587000060011169472IT-RoPAU20220918181256.0d cvaizq50131s9999||||xx ||| | || ||und|| aIT-RoPAUcIT-RoPAU aITALIANO aLisi GiuseppegCodice regista SPICS: 6470 aTEMPO DI TV - 1954-1993: LA TELEVISIONE RACCONTA (3) aTEMPO DI TV - 1954-1993: LA TELEVISIONE RACCONTA (3)cDiretto da: Lisi GiuseppepTEMPO DI TV - 1954-1993: LA TELEVISIONE RACCONTA (3) (Rif. Codice opera principale : B9472) aEdizione Standard aROMA (ITALIA)bRAI - RADIO TELEVISIONE ITALIANA / Distribuzione: RAIg"1993 (1° ed.: 1993 ; Ed. Lingua Orig.: 1993)" aVHSbsonoro, col.c70 minuti aSoggetto: Lisi Giuseppe -- De Vita Francesca a"Angela Piero; Sampo' Enza; Cecchi; Paone Alessandro" aQUARANTA ANNI DI TELEVISIONE TARGATA RAI IN UN MEMORIAL LINE IN QUATTRO PARTI CHE RIPERCORRE LA STORIA DEL NOSTRO PAESE. IN QUESTA PARTE LA CRONACA DEGLI ANNI 1972-1980: IN LABORATORIO. aPAL, STEREO aITALIANO aCULTURALEeTV-PROG. DIDATTICO/CULTURALI-DOCUMENTARI [VHS]xCodice MATERIA SPICS: 9962 aDe Vita Francesca e(soggetto)gCodice Soggetto 2° SPICS: 25390 aLisi Giuseppe e(regista)gCodice regista SPICS: 6470 aLisi Giuseppe e(soggetto)gCodice Soggetto SPICS: 6470